[Event "Wuerttemberg Masters"]
[Site "Weissach"]
[Date "2021.08.21"]
[Round "6"]
[White "Pogorelow, Ewgeni"]
[Black "Krassowizkij, Jaroslaw"]
[Result "0-1"]
[WhiteElo "2220"]
[BlackElo "2448"]
[PlyCount "96"]
[EventDate "2021.08.18"]
[EventType "tourn"]
[EventRounds "7"]
[EventCountry "GER"]
[EventCategory "2"]
[SourceTitle "CBM 203 Extra"]
[Source "ChessBase"]
[SourceDate "2021.09.30"]
[SourceVersion "1"]
[SourceVersionDate "2021.09.30"]
[SourceQuality "1"]

1. e4 c5 2. Nc3 d6 3. f4 g6 4. Nf3 Bg7 5. g3 Nc6 6. Bg2 e6 7. 0-0 Nge7 8. d3 0-0 9. Be3 b6 10. Qd2 d5 11. exd5 exd5 12. Bf2 d4 13. Ne4 f5 14. Neg5 h6 15. Nh3 Bb7 16. Rae1 Qd7 17. Re2 Rae8 18. Rfe1 Nd5 19. Kf1 Rxe2 20. Rxe2 Re8 21. Nh4 Rxe2 22. Qxe2 Kf7 23. Nf3 Nde7 24. Be1 Bf6 25. Bd2 Qe6 26. Ne5+ Nxe5 27. Bxb7 Ng4 28. Qxe6+ Kxe6 29. Kg2 Nd5 30. Bxd5+ Kxd5 31. b3 h5 32. Ng1 b5 33. h3 Nh6 34. Kf3 c4 35. Bb4 c3 36. Ne2 Nf7 37. Kf2 Nd8 38. Kf3 Nc6 39. Bf8 a5 40. a4 bxa4 41. bxa4 Be7 42. Bg7 Bc5 43. Nc1 Nb4 44. Nb3 Nxc2 45. Ke2 Ba3 46. h4 Nb4 47. Bf8 c2 48. Bxb4 axb4 0-1

[Event "Wuerttemberg Masters"]
[Site "Weissach"]
[Date "2021.08.18"]
[Round "1"]
[White "Maisch, Julian"]
[Black "Pogorelow, Ewgeni"]
[Result "1-0"]
[WhiteElo "2171"]
[BlackElo "2220"]
[PlyCount "81"]
[EventDate "2021.08.18"]
[EventType "tourn"]
[EventRounds "7"]
[EventCountry "GER"]
[EventCategory "2"]
[SourceTitle "CBM 203 Extra"]
[Source "ChessBase"]
[SourceDate "2021.09.30"]
[SourceVersion "1"]
[SourceVersionDate "2021.09.30"]
[SourceQuality "1"]

1. e4 d6 2. d4 g6 3. Nc3 Bg7 4. Be3 Nc6 5. Qd2 e5 6. Nf3 exd4 7. Nxd4 Nxd4 8. Bxd4 Nf6 9. 0-0-0 0-0 10. f3 Be6 11. g4 c5 12. Be3 Qa5 13. a3 Rfd8 14. g5 Nh5 15. Nd5 Qa4 16. Nc7 c4 17. c3 Rab8 18. Nxe6 fxe6 19. Bh3 Qe8 20. f4 b5 21. Bxa7 b4 22. Bxb8 bxa3 23. bxa3 Rxb8 24. Qxd6 Nxf4 25. Qxf4 Qb5 26. Bxe6+ Kh8 27. Kd2 Be5 28. Qf3 Qb2+ 29. Ke1 Bxc3+ 30. Kf1 Bg7 31. Rd7 Qc1+ 32. Rd1 Qxg5 33. Rg1 Qe7 34. Qg4 c3 35. Rg2 Qxa3 36. Rc2 Qa4 37. Qe2 Be5 38. Kg2 Re8 39. Bd5 Qd7 40. Ra1 Kg7 41. Rf1 1-0

[Event "Oberliga Wuerttemberg 1718"]
[Site "Wuerttemberg"]
[Date "2018.02.18"]
[Round "7"]
[White "Neyman, Igor"]
[Black "Pogorelow, Ewgeni"]
[Result "1-0"]
[WhiteElo "2322"]
[BlackElo "2220"]
[PlyCount "57"]
[EventDate "2017.09.17"]
[EventType "team-tourn"]
[EventRounds "9"]
[EventCountry "GER"]
[SourceTitle "EXT 2019"]
[Source "ChessBase"]
[SourceDate "2018.10.10"]
[SourceVersion "1"]
[SourceVersionDate "2018.10.10"]
[SourceQuality "1"]
[WhiteTeam "Stuttgart SF"]
[BlackTeam "Heilbronn"]
[WhiteTeamCountry "GER"]
[BlackTeamCountry "GER"]

1. c4 e5 2. Nc3 Nc6 3. g3 g6 4. Bg2 Bg7 5. e3 Nge7 6. Nge2 Nf5 7. d3 0-0 8. Rb1 d6 9. b4 h5 10. h3 Nce7 11. 0-0 c6 12. b5 Be6 13. bxc6 bxc6 14. Ba3 Qc7 15. Qa4 Rae8 16. Ne4 Nc8 17. Qa6 c5 18. Rb7 Qd8 19. N2c3 Nh6 20. Nb5 f5 21. Nexd6 Nxd6 22. Nxd6 f4 23. Nxe8 Rxe8 24. Qxa7 Bf6 25. exf4 exf4 26. Bxc5 Qxd3 27. Rb8 Bd8 28. Qa4 Bd7 29. Qd1 1-0

[Event "Pfalz op-A 9th"]
[Site "Neustadt an der Weinstrasse"]
[Date "2018.02.11"]
[Round "5"]
[White "Pogorelow, Ewgeni"]
[Black "Baskin, Robert"]
[Result "1/2-1/2"]
[WhiteElo "2213"]
[BlackElo "2329"]
[PlyCount "51"]
[EventDate "2018.02.09"]
[EventType "swiss"]
[EventRounds "9"]
[EventCountry "GER"]
[SourceTitle "CBM 182 Extra"]
[Source "ChessBase"]
[SourceDate "2018.02.23"]
[SourceVersion "1"]
[SourceVersionDate "2018.02.23"]
[SourceQuality "1"]

1. e4 c6 2. d4 d5 3. Nc3 dxe4 4. Nxe4 Bf5 5. Ng3 Bg6 6. Nf3 Nd7 7. Nh4 e6 8. Nxg6 hxg6 9. c3 Qh4 10. Qb3 0-0-0 11. Be3 Bd6 12. Bd3 Ngf6 13. 0-0-0 Bf4 14. Kb1 Bxe3 15. fxe3 Ng4 16. Ne4 Qe7 17. Rdf1 f5 18. Nd2 Nxh2 19. Re1 e5 20. e4 f4 21. Bc4 Kb8 22. Be6 Nc5 23. dxc5 Rxd2 24. Bh3 Rxh3 25. gxh3 Qxc5 26. Rd1 1/2-1/2

[Event "Hofheim Spring op-A 5th"]
[Site "Hofheim"]
[Date "2017.04.11"]
[Round "9"]
[White "Poghosyan, Tigran"]
[Black "Pogorelow, Ewgeni"]
[Result "1/2-1/2"]
[WhiteElo "2170"]
[BlackElo "2237"]
[PlyCount "80"]
[EventDate "2017.04.07"]
[EventType "swiss"]
[EventRounds "9"]
[EventCountry "GER"]
[SourceTitle "EXT 2018"]
[Source "ChessBase"]
[SourceDate "2017.10.13"]
[SourceVersion "1"]
[SourceVersionDate "2017.10.13"]
[SourceQuality "1"]

1. e4 d6 2. d4 g6 3. Nc3 Bg7 4. Be3 Nf6 5. f3 0-0 6. Qd2 e5 7. Nge2 Nbd7 8. 0-0-0 c6 9. g4 Qa5 10. Kb1 Re8 11. d5 c5 12. Ng3 Nf8 13. Bh6 a6 14. h4 b5 15. Bxg7 Kxg7 16. Rc1 c4 17. Qe3 Rb8 18. h5 Qb6 19. Qg5 h6 20. Qd2 g5 21. Nd1 Ng8 22. Qc3 Bd7 23. Ne3 Ne7 24. Qd2 Rec8 25. c3 Nh7 26. Qe2 Nf6 27. Qf2 Rc5 28. Qd2 Qa5 29. Be2 Ne8 30. Rhg1 f6 31. Nc2 Nc7 32. Ne3 Qb6 33. Kc2 a5 34. Kd1 Na6 35. Ke1 Rc7 36. Kf1 Nc5 37. Kg2 a4 38. Rb1 Ra8 39. Nc2 Qa7 40. Kh2 Qb6 1/2-1/2

[Event "Hofheim Spring op-A 5th"]
[Site "Hofheim"]
[Date "2017.04.11"]
[Round "8"]
[White "Pogorelow, Ewgeni"]
[Black "Pixa, Richard"]
[Result "1-0"]
[WhiteElo "2237"]
[BlackElo "2092"]
[PlyCount "95"]
[EventDate "2017.04.07"]
[EventType "swiss"]
[EventRounds "9"]
[EventCountry "GER"]
[SourceTitle "EXT 2018"]
[Source "ChessBase"]
[SourceDate "2017.10.13"]
[SourceVersion "1"]
[SourceVersionDate "2017.10.13"]
[SourceQuality "1"]

1. Nf3 d5 2. d4 e6 3. Nc3 Nf6 4. Bg5 Be7 5. e3 c5 6. Qd2 Nc6 7. Be2 0-0 8. 0-0 h6 9. Bh4 b6 10. Rad1 Bb7 11. Ne5 Nxe5 12. dxe5 Nd7 13. Bg3 Qc8 14. a4 Ba6 15. Nb5 Rd8 16. b3 Bxb5 17. axb5 Qc7 18. f4 Rac8 19. c3 f6 20. Bg4 Nf8 21. Qc2 c4 22. b4 f5 23. Be2 Qd7 24. Qa4 g5 25. Bf2 Ng6 26. Bh5 Kg7 27. g3 Ra8 28. Ra1 Rg8 29. Rfd1 Bd8 30. Ra2 Kh7 31. Kf1 Qg7 32. Qc2 Qd7 33. Qa4 Rg7 34. Be2 Qe8 35. Bh5 Qd7 36. Qa6 Rc8 37. Rd4 Rc7 38. Rad2 Qe8 39. Qa4 a6 40. g4 axb5 41. Qc2 fxg4 42. f5 exf5 43. Rxd5 Rcd7 44. Qxf5 Rxd5 45. Rxd5 Bc7 46. e6 Kh8 47. e4 Qa8 48. Bxg6 1-0

[Event "Hofheim Spring op-A 5th"]
[Site "Hofheim"]
[Date "2017.04.10"]
[Round "6"]
[White "Pogorelow, Ewgeni"]
[Black "Schnabel, Bennett"]
[Result "1/2-1/2"]
[WhiteElo "2237"]
[BlackElo "2047"]
[PlyCount "101"]
[EventDate "2017.04.07"]
[EventType "swiss"]
[EventRounds "9"]
[EventCountry "GER"]
[SourceTitle "CBM 177 Extra"]
[Source "ChessBase"]
[SourceDate "2017.04.27"]
[SourceVersion "1"]
[SourceVersionDate "2017.04.27"]
[SourceQuality "1"]

1. e4 c5 2. Nc3 g6 3. f4 Bg7 4. Nf3 Nc6 5. d3 d6 6. g3 e6 7. Bg2 Nge7 8. 0-0 0-0 9. Be3 Rb8 10. Qd2 b5 11. Rae1 b4 12. Nd1 Qa5 13. h4 Qxa2 14. h5 Bxb2 15. Nxb2 Qxb2 16. Rb1 Qc3 17. Qe2 b3 18. Bd2 Nd4 19. Nxd4 Qxd4+ 20. Be3 Qc3 21. hxg6 hxg6 22. Bd2 Qd4+ 23. Be3 Qa4 24. c3 Qb5 25. g4 f5 26. gxf5 exf5 27. Kf2 fxe4 28. c4 Qd7 29. dxe4 a5 30. Rh1 Qe6 31. Rh6 a4 32. Qd3 Ba6 33. Rbh1 b2 34. e5 Bxc4 35. Bh3 Qf7 36. Bf5 Qxf5 37. Qxc4+ d5 38. Rh8+ Kf7 39. R1h7+ Ke8 40. Rxe7+ Kxe7 41. Rh7+ Rf7 42. Qxc5+ Ke8 43. Rh8+ Rf8 44. Qc6+ Qd7 45. Qxg6+ Qf7 46. Qc6+ Qd7 47. Qg6+ Qf7 48. Rxf8+ Kxf8 49. Qd6+ Kg7 50. Qxb8 a3 51. e6 1/2-1/2

[Event "BL2-Sued 1314"]
[Site "Germany"]
[Date "2014.03.16"]
[Round "8.7"]
[White "Pogorelow, Ewgeni"]
[Black "Lanka, Zigurds"]
[Result "0-1"]
[WhiteElo "2204"]
[BlackElo "2440"]
[PlyCount "66"]
[EventDate "2013.10.13"]
[EventType "team-tourn"]
[EventRounds "9"]
[EventCountry "GER"]
[SourceTitle "EXT 2015"]
[Source "ChessBase"]
[SourceDate "2014.11.20"]
[SourceVersion "1"]
[SourceVersionDate "2014.11.20"]
[SourceQuality "1"]
[WhiteTeam "Boeblingen"]
[BlackTeam "Schott Mainz"]
[WhiteTeamCountry "GER"]
[BlackTeamCountry "GER"]

1. e4 c5 2. Nc3 Nc6 3. Nf3 e5 4. Bb5 Nge7 5. d3 h6 6. a4 g6 7. Nd5 Bg7 8. 0-0 0-0 9. Bc4 d6 10. c3 Nxd5 11. Bxd5 Kh8 12. Ne1 Ne7 13. Bc4 f5 14. f4 exf4 15. Bxf4 d5 16. exd5 Nxd5 17. Qf3 Be6 18. Nc2 g5 19. Bd2 f4 20. Rae1 Bg8 21. Re2 Qd7 22. Rfe1 g4 23. Qf2 Qxa4 24. Na3 Qc6 25. Qh4 Qg6 26. Qf2 f3 27. Re4 a6 28. gxf3 gxf3+ 29. Kh1 Qg2+ 30. Qxg2 fxg2+ 31. Kg1 b5 32. Bxd5 Bxd5 33. Re7 Rad8 0-1

[Event "BL2-Sued 1314"]
[Site "Germany"]
[Date "2013.12.15"]
[Round "4.8"]
[White "Pogorelow, Ewgeni"]
[Black "Nazarenus, Moritz"]
[Result "0-1"]
[WhiteElo "2214"]
[BlackElo "2253"]
[PlyCount "84"]
[EventDate "2013.10.13"]
[EventType "team-tourn"]
[EventRounds "9"]
[EventCountry "GER"]
[SourceTitle "EXT 2015"]
[Source "ChessBase"]
[SourceDate "2014.11.20"]
[SourceVersion "1"]
[SourceVersionDate "2014.11.20"]
[SourceQuality "1"]
[WhiteTeam "Boeblingen"]
[BlackTeam "Schoeneck"]
[WhiteTeamCountry "GER"]
[BlackTeamCountry "GER"]

1. e4 c6 2. Nc3 d5 3. Nf3 g6 4. d4 Bg7 5. Be3 Qa5 6. Qd2 dxe4 7. Nxe4 Qxd2+ 8. Bxd2 Nd7 9. 0-0-0 Ngf6 10. Nc3 0-0 11. Re1 e6 12. Bf4 b6 13. Bc4 Bb7 14. Bd6 Rfd8 15. Ne5 Nf8 16. Be7 Rxd4 17. Ne2 Re4 18. f4 Nd5 19. Bxf8 Bxe5 20. Bxd5 exd5 21. Bh6 Bd6 22. Ng3 Ree8 23. f5 f6 24. Bd2 Ba6 25. fxg6 hxg6 26. Rxe8+ Rxe8 27. Re1 Rxe1+ 28. Bxe1 Kf7 29. Bf2 Be5 30. c3 f5 31. Kd2 Ke6 32. Bg1 c5 33. Nh1 d4 34. cxd4 cxd4 35. g3 Kd5 36. Nf2 Bf6 37. h4 Bg7 38. b3 Bh6+ 39. Kc2 Be3 40. Nh3 Ke4 41. Bxe3 Kxe3 42. Nf4 Bb7 0-1

[Event "Champions Challenge 173rd"]
[Site "Playchess.com INT"]
[Date "2006.11.18"]
[Round "2.2"]
[White "Mortensen, Erling"]
[Black "Pogorelow, Ewgeni"]
[Result "1-0"]
[WhiteElo "2470"]
[BlackElo "2152"]
[PlyCount "59"]
[EventDate "2006.11.18"]
[EventType "k.o. (blitz)"]
[EventRounds "5"]
[EventCountry "GER"]
[SourceTitle "EXT 2008"]
[Source "ChessBase"]
[SourceDate "2007.11.25"]
[SourceVersion "1"]
[SourceVersionDate "2007.11.25"]
[SourceQuality "1"]

1. e4 d6 2. d4 g6 3. Nc3 Bg7 4. f4 Nd7 5. Nf3 c5 6. d5 Rb8 7. a4 b6 8. Bb5 a6 9. Bc6 Bb7 10. Bxb7 Rxb7 11. 0-0 Bxc3 12. bxc3 Ngf6 13. Qe2 0-0 14. Qxa6 Qb8 15. Qe2 b5 16. axb5 Rxb5 17. c4 Rb1 18. Rxb1 Qxb1 19. e5 Nh5 20. e6 Ndf6 21. f5 Ng4 22. Bh6 Qb2 23. Bxf8 Kxf8 24. exf7 gxf5 25. Ng5 h6 26. Ne6+ Kxf7 27. Rxf5+ Ngf6 28. Qxh5+ Kg8 29. Qg6+ Kh8 30. Qg7# 1-0

[Event "Champions Challenge 173rd"]
[Site "Playchess.com INT"]
[Date "2006.11.18"]
[Round "1.2"]
[White "Pogorelow, Ewgeni"]
[Black "Ristic, Nebojsa M"]
[Result "1/2-1/2"]
[WhiteElo "2152"]
[BlackElo "2291"]
[PlyCount "94"]
[EventDate "2006.11.18"]
[EventType "k.o. (blitz)"]
[EventRounds "5"]
[EventCountry "GER"]
[SourceTitle "EXT 2008"]
[Source "ChessBase"]
[SourceDate "2007.11.25"]
[SourceVersion "1"]
[SourceVersionDate "2007.11.25"]
[SourceQuality "1"]

1. e4 e6 2. d4 d5 3. e5 c5 4. c3 Nc6 5. Nf3 Qb6 6. Be2 Bd7 7. 0-0 cxd4 8. cxd4 Nge7 9. Nc3 Nf5 10. Na4 Qa5 11. Nc3 Be7 12. a3 0-0 13. Rb1 Qb6 14. Na4 Qa5 15. Bd2 Qd8 16. Bc3 Rc8 17. Bd3 b6 18. Bxf5 exf5 19. Rc1 Be6 20. b4 Nb8 21. Qd3 Qd7 22. Nb2 Rc7 23. Rc2 Rfc8 24. Rfc1 h6 25. Bd2 Rxc2 26. Rxc2 Rxc2 27. Qxc2 Qc8 28. Qxc8+ Bxc8 29. Nd1 b5 30. Ne1 Nc6 31. Bc3 Be6 32. Nd3 Kf8 33. f4 Ke8 34. Kf2 Kd7 35. Ke3 Kc7 36. Nc5 Bxc5 37. dxc5 Kb7 38. Nb2 g5 39. g3 Kc7 40. Nd3 Kd7 41. Ne1 Ke7 42. Nf3 g4 43. Nd4 Nxd4 44. Kxd4 Kd7 45. Kd3 Kc6 46. Bd4 h5 47. Ke3 Kb7 1/2-1/2

[Event "Champions Challenge 173rd"]
[Site "Playchess.com INT"]
[Date "2006.11.18"]
[Round "1.1"]
[White "Ristic, Nebojsa M"]
[Black "Pogorelow, Ewgeni"]
[Result "0-1"]
[WhiteElo "2291"]
[BlackElo "2152"]
[PlyCount "128"]
[EventDate "2006.11.18"]
[EventType "k.o. (blitz)"]
[EventRounds "5"]
[EventCountry "GER"]
[SourceTitle "EXT 2008"]
[Source "ChessBase"]
[SourceDate "2007.11.25"]
[SourceVersion "1"]
[SourceVersionDate "2007.11.25"]
[SourceQuality "1"]

1. d4 f5 2. g3 Nf6 3. Bg2 d5 4. Nf3 e6 5. 0-0 Bd6 6. c4 c6 7. b3 0-0 8. Bb2 Bd7 9. Nfd2 Be8 10. f3 Bh5 11. Qe1 f4 12. g4 Bg6 13. Nc3 Na6 14. a3 c5 15. Nb5 cxd4 16. Bxd4 e5 17. Nxd6 Qxd6 18. Bb2 d4 19. b4 b6 20. Nb3 Rac8 21. Rc1 Qe6 22. Nd2 Bf7 23. g5 Nd7 24. Qh4 Bg6 25. Bh3 Qe7 26. Ne4 Bxe4 27. fxe4 Rc6 28. b5 Rg6 29. Bxd7 Nc5 30. Bf5 Rxg5+ 31. Kh1 g6 32. Bg4 h5 33. Rg1 hxg4 34. Rxg4 Nxe4 35. Rcg1 Rxg4 36. Rxg4 Qxh4 37. Rxh4 Nf6 38. Bxd4 exd4 39. Rxf4 Kg7 40. Rxd4 Re8 41. Rd2 Re3 42. Rc2 Rxa3 43. c5 bxc5 44. Rxc5 Ne4 45. Rc7+ Kf6 46. b6 axb6 47. Rc6+ Kf5 48. Rxb6 g5 49. Kg2 Kf4 50. Rb8 Re3 51. Rf8+ Kg4 52. Kf1 Rh3 53. Kg2 Re3 54. Kf1 Nc3 55. Rf2 Kh3 56. Rg2 g4 57. Rf2 Ne4 58. Rg2 Rc3 59. e3 Rc1+ 60. Ke2 Rc2+ 61. Kd3 Rxg2 62. Kxe4 Rxh2 63. Kf4 Rf2+ 64. Kg5 g3 0-1

[Event "Champions Challenge 173rd"]
[Site "Playchess.com INT"]
[Date "2006.11.18"]
[Round "1.3"]
[White "Ristic, Nebojsa M"]
[Black "Pogorelow, Ewgeni"]
[Result "1-0"]
[WhiteElo "2291"]
[BlackElo "2152"]
[PlyCount "77"]
[EventDate "2006.11.18"]
[EventType "k.o. (blitz)"]
[EventRounds "5"]
[EventCountry "GER"]
[SourceTitle "EXT 2008"]
[Source "ChessBase"]
[SourceDate "2007.11.25"]
[SourceVersion "1"]
[SourceVersionDate "2007.11.25"]
[SourceQuality "1"]

1. d4 d6 2. Nf3 g6 3. c4 Bg7 4. Nc3 Nc6 5. d5 Ne5 6. Nxe5 Bxe5 7. e4 Bg7 8. Be2 e6 9. 0-0 Ne7 10. f4 f5 11. dxe6 Bxe6 12. Be3 0-0 13. Bd4 Bxd4+ 14. Qxd4 Nc6 15. Qd2 fxe4 16. Nxe4 Bf5 17. Ng3 Qf6 18. Rad1 Rae8 19. Bf3 Nd8 20. Bxb7 Nxb7 21. Qd5+ Be6 22. Qxb7 Bxc4 23. Rf2 Re7 24. Qxa7 Rfe8 25. h3 c5 26. Qb6 Re1+ 27. Rxe1 Rxe1+ 28. Kh2 Qd4 29. Qd8+ Kg7 30. Qd7+ Kh6 31. Nf5+ gxf5 32. Qxf5 Kg7 33. Qg5+ Kf8 34. Qd8+ Kf7 35. Qd7+ Kf6 36. Qd8+ Re7 37. Rf3 Bf7 38. b4 cxb4 39. Qh8+ 1-0

[Event "Champions Challenge 173rd"]
[Site "Playchess.com INT"]
[Date "2006.11.18"]
[Round "1.5"]
[White "Ristic, Nebojsa M"]
[Black "Pogorelow, Ewgeni"]
[Result "0-1"]
[WhiteElo "2291"]
[BlackElo "2152"]
[PlyCount "74"]
[EventDate "2006.11.18"]
[EventType "k.o. (blitz)"]
[EventRounds "5"]
[EventCountry "GER"]
[SourceTitle "EXT 2008"]
[Source "ChessBase"]
[SourceDate "2007.11.25"]
[SourceVersion "1"]
[SourceVersionDate "2007.11.25"]
[SourceQuality "1"]

1. d4 f5 2. g3 Nf6 3. Bg2 d5 4. Nh3 e6 5. 0-0 Bd6 6. Bf4 0-0 7. Bxd6 Qxd6 8. Nd2 b6 9. Nf3 Ba6 10. Nf4 c5 11. c3 Nc6 12. Nd3 Bxd3 13. Qxd3 c4 14. Qc2 Rac8 15. Nd2 Rf7 16. e3 b5 17. a3 a5 18. f3 g5 19. e4 Nh5 20. exd5 exd5 21. f4 gxf4 22. Qd1 Nf6 23. Rxf4 Ne4 24. Nxe4 dxe4 25. Qh5 Rcf8 26. Raf1 Qg6 27. Qe2 Ne7 28. R4f2 Kh8 29. Bh3 f4 30. Kh1 f3 31. Qe3 Nd5 32. Qc1 e3 33. Rc2 Qe4 34. a4 bxa4 35. g4 Nf4 36. Rxf3 Nxh3 37. Kg2 Rxf3 0-1

[Event "Neckar op-A 9th"]
[Site "Deizisau"]
[Date "2005.03.24"]
[Round "1"]
[White "Pogorelow, Ewgeni"]
[Black "Gurevich, Mikhail"]
[Result "0-1"]
[WhiteElo "2145"]
[BlackElo "2634"]
[PlyCount "105"]
[EventDate "2005.03.24"]
[EventType "swiss"]
[EventRounds "9"]
[EventCountry "GER"]
[SourceTitle "CBM 105 Extra"]
[Source "ChessBase"]
[SourceDate "2005.05.01"]
[SourceVersion "1"]
[SourceVersionDate "2005.05.01"]
[SourceQuality "1"]

1. e4 d6 2. d4 g6 3. Nc3 Bg7 4. f4 Nf6 5. Nf3 c5 6. dxc5 Qa5 7. Qd3 Qxc5 8. Be3 Qa5 9. Qb5+ Qxb5 10. Bxb5+ Bd7 11. Bd3 Nc6 12. 0-0 0-0 13. h3 Nb4 14. e5 Ne8 15. a3 Nxd3 16. cxd3 dxe5 17. Bc5 Nc7 18. Bxe7 Rfe8 19. Bd6 Nb5 20. Bxe5 f6 21. Nxb5 Bxb5 22. Bc3 Bxd3 23. Rfe1 Kf7 24. Kf2 Bh6 25. Rad1 Rxe1 26. Nxe1 Bf5 27. g4 Be6 28. Kg3 Rc8 29. Nf3 Bf8 30. Nd4 Bc4 31. Rd2 Be7 32. Nf3 Bb5 33. h4 Bxa3 34. Rd5 a6 35. Nd4 Be8 36. f5 Be7 37. fxg6+ hxg6 38. h5 gxh5 39. Rxh5 Bd6+ 40. Kh3 Kg8 41. Rd5 Bf8 42. g5 fxg5 43. Rxg5+ Kf7 44. Rf5+ Kg6 45. Kg2 Bf7 46. Kf2 Bd6 47. Ke2 Bc4+ 48. Ke3 b5 49. Rf2 Re8+ 50. Kf3 Bd5+ 51. Kg4 Re4+ 52. Kh3 Re3+ 53. Kg4 0-1

[Event "Neckar op-B 6th"]
[Site "Deizisau"]
[Date "2002.03.28"]
[Round "1"]
[White "Podbicanin, Abaz"]
[Black "Pogorelow, Ewgeni"]
[Result "1-0"]
[WhiteElo "1658"]
[BlackElo "1961"]
[PlyCount "93"]
[EventDate "2002.03.28"]
[EventType "swiss"]
[EventRounds "9"]
[EventCountry "GER"]
[SourceTitle "EXT 2003"]
[Source "ChessBase"]
[SourceDate "2002.11.25"]
[SourceVersion "1"]
[SourceVersionDate "2002.11.25"]
[SourceQuality "1"]

1. e4 e5 2. Nf3 Nc6 3. d4 exd4 4. Nxd4 Be7 5. Nxc6 dxc6 6. Qxd8+ Bxd8 7. Bd3 Nf6 8. b3 0-0 9. Nd2 Re8 10. 0-0 Be7 11. Bb2 Be6 12. Rad1 Rad8 13. Bxf6 Bxf6 14. h3 b5 15. Kh1 Bc3 16. Nb1 Ba5 17. Na3 Rd7 18. Be2 Rde7 19. Bd3 a6 20. f4 f6 21. Kh2 c5 22. c4 c6 23. Kg3 Bc7 24. Kf3 Bf7 25. g4 h5 26. Nc2 Rd8 27. Be2 Red7 28. Rxd7 Rxd7 29. Ke3 g5 30. fxg5 fxg5 31. Bd3 hxg4 32. hxg4 Kg7 33. Ke2 Bf4 34. Ne3 Kf6 35. Nf5 Ke5 36. Rh1 Be6 37. Rh6 bxc4 38. bxc4 Rb7 39. Kf3 Rb2 40. Ne7 Rd2 41. Nxc6+ Kd6 42. Be2 Kd7 43. e5 Rb2 44. Bd3 Rb6 45. Rxe6 Kxe6 46. Bf5+ Kf7 47. e6+ 1-0